000 00396nam a22001697a 4500
005 20160618150023.0
008 160618b xxu||||| |||| 00| 0 eng d
020 _a81-203-1223-6
041 _aeng
082 _b8181
100 _aNew York Intitute of Finance
_92242
245 _aHow the band market works
260 _bPHI
_c1997
300 _a268
650 _aManagement
_9241
942 _cBK
999 _c3135
_d3134